| 000 | 00770nam a2200217 i 4500 | ||
|---|---|---|---|
| 001 | 149583 | ||
| 003 | ES-MaACL | ||
| 005 | 20230906203148.0 | ||
| 007 | t| | ||
| 008 | 071023s1919 it ||||1| ita d | ||
| 100 | 1 |
_aVasari, Giorgio ( _d1511-1574) _9113257 |
|
| 245 | 1 | 0 |
_aLeonardo da Vinci _b: la vita / _cdi Giorgio Vasari ; nuovamente commentata e illustrata con 200 tavole a cura di Giovanni Poggi. |
| 260 |
_aFirenze : _bLuigi Pampaloni, _c1919. |
||
| 300 |
_a63, LXXVI p., 101 grĂ¡b. : _bil. ; _c28 cm. |
||
| 490 | 1 |
_aCollezione d'arte ; _v1 |
|
| 600 | 1 | 4 |
_aLeonardo da Vinci, _d1452-1519 _971671 |
| 700 | 1 |
_aPoggi, Giovani. _992725 |
|
| 830 | 0 |
_aCollezione d'arte ; _v1 _9221099 |
|
| 852 |
_aES-MaACL _jC-2343 _bR.4499 |
||
| 999 |
_c149583 _d149583 |
||